NBL Blitzball 2026 Lineups - Statistics

General Stats
  • This quiz has been taken 6 times
  • The average score is 22 of 37
Answer Stats
Answer % Correct
Caden Sartain
100%
Chandler Sartain
100%
Connor Thoma
100%
Dayton Thoma
100%
Hudson Borgmeyer
100%
Jackson Kespohl
100%
Jesse Spratt-Plunket
100%
Joey Dimeo
100%
Kolin Stone
100%
Luke James
100%
Matthew Zuppardi
100%
Nick Kespohl
100%
Quinn Myers
100%
Sammy Reazer
100%
Tyler Davis
100%
Blake Sappingfield
50%
Casey Bennett
50%
DJ Baker
50%
Drew Sappingfield
50%
Jack Bresnahan
50%
Jimmy Knorp
50%
John Castro
50%
Lucas Whitworth
50%
Mason Senkbeil
50%
Matt Foster
50%
Patrick Jacob
50%
Trent Severino
50%
Zach Trdinich
50%
Alex Champeny
0%
Andy Durand
0%
David Drzewicki
0%
Jordan Schroeder
0%
Kyle Yoder
0%
Lorenzo Lew
0%
Mathew Weaver
0%
Mike Diehl
0%
Nils Czajkowski
0%
No matching quizzes found
Score Distribution
Percent of People with Each Score
Percentile by Number Answered
Your Score History
You have not taken this quiz